| 000 | 01341nam a2200373Ia 4500 | ||
|---|---|---|---|
| 003 | GCL | ||
| 008 | 140319s9999 xx 000 0 ara d | ||
| 020 | _a1012609977 | ||
| 040 |
_aGCL / _cGCL |
||
| 082 | 0 | 4 |
_aق _b962 _bن م |
| 100 | 1 | _aناصر الانصارى | |
| 245 | 1 | 0 |
_aالمجمل فى تاريخ مصر: النظم السياسية والادارية / _cناصر الانصارى |
| 250 | _aالاولى | ||
| 260 |
_aالقاهرة : _bدار الشروق ، _c1993 |
||
| 300 |
_a291 ص ؛ _c24 سم |
||
| 650 | 0 | 4 | _aالعصر الحديث |
| 650 | 0 | 4 | _aدولة المماليك |
| 650 | 0 | 4 | _aالدولة الفاطمية |
| 650 | 0 | 4 | _aمصر القديمة |
| 650 | 0 | 4 | _aالحضارة الفرعونية |
| 650 | 0 | 4 | _aثورة 23 يوليو 1952 |
| 650 | 0 | 4 | _aالعصر البطلمى |
| 650 | 0 | 4 | _aالدولة الايوبية |
| 650 | 0 | 4 | _aفتح العرب لمصر |
| 650 | 0 | 4 | _aالدولة الطولونية |
| 650 | 0 | 4 | _aاسرة محمد على |
| 650 | 0 | 4 | _aنظم الحكم |
| 650 | 0 | 4 | _aالعصر الرومانتيكى |
| 650 | 0 | 4 | _aالاسكندر الاكبر |
| 650 | 0 | 4 | _aالعالم العربى - تاريخ - العصر العثمانى |
| 650 | 0 | 4 | _aمصر - الاحوال السياسية |
| 650 | 0 | 4 | _aمصر - النظم الادارية |
| 942 |
_2ddc _cBK |
||
| 999 |
_c52920 _d52920 |
||